Catálogo
 En Linea

Más allá de la reforma agraria : (Registro nro. 23401)

Detalles MARC
000 -CABECERA
campo de control de longitud fija 00764nam a2200193 a 4500
001 - NÚMERO DE CONTROL
campo de control 000023905
005 - FECHA Y HORA DE LA ÚLTIMA TRANSACCIÓN
campo de control 20200930022546.0
008 - DATOS DE LONGITUD FIJA--INFORMACIÓN GENERAL
campo de control de longitud fija 110117s1970 sp ab r 000 0 spa d
040 ## - FUENTE DE LA CATALOGACIÓN
Centro catalogador/agencia de origen DO-SdBNP
Lengua de catalogación spa
Centro/agencia transcriptor BNPHU
082 ## - NÚMERO DE LA CLASIFICACIÓN DECIMAL DEWEY
Número de clasificación xxxxx
Número de documento/Ítem S238m
049 ## - FONDOS LOCALES (OCLC)
Fondos de biblioteca BNGR
100 1# - ENTRADA PRINCIPAL--NOMBRE DE PERSONA
Nombre de persona Sanz Jarque, Juan José
9 (RLIN) 49168
245 10 - MENCIÓN DE TÍTULO
Título Más allá de la reforma agraria :
Resto del título la funcionalidad de la propiedad de la tierra y la cuestión de Sástago /
Mención de responsabilidad, etc. Juan José Sanz Jarque.
260 ## - PUBLICACIÓN, DISTRIBUCIÓN, ETC.
Lugar de publicación, distribución, etc. Madrid :
Nombre del editor, distribuidor, etc. Publicaciones Españolas,
Fecha de publicación, distribución, etc. 1970.
300 ## - DESCRIPCIÓN FÍSICA
Extensión 350 p. :
Otras características físicas il., mapas. , ;
Dimensiones 23.5 cm.
500 ## - NOTA GENERAL
Nota general Incluye bibliografía.
500 ## - NOTA GENERAL
Nota general Incluye referencias bibliográficas y notas al pie de las páginas.
500 ## - NOTA GENERAL
Nota general Incluye referencia biográfica del autor en la solapa de la portada.
Existencias
Estado de retiro Estado de pérdida Restricciones de uso No para préstamo Código de colección Localización permanente Ubicación/localización actual Ubicación en estantería Fecha de adquisición Número de inventario Total de préstamos Signatura topográfica completa Código de barras Fecha visto por última vez Precio válido a partir de Tipo de ítem Koha
        Monografías: Libros y Folletos General General En catalogación 17.01.2011 LF1   xxxxx S238m 23905-10 25.06.2020 25.06.2020 Préstamo en sala

Con tecnología Koha